00992nam a2200229 a 450000100100000000500170001000800410002704000250006808200090009310000370010224501240013926000390026330000170030249000130031950000370033250500590036959000760042870000390050483000200054395201820056399900170074500003537820200930074310.0111031s1950 cu 000 0 spa d aDO-SdBNPbspacBNPHU axxxx1 aRodriguez Delgado, Rafael92842510aIntroducción a una filosofía de la era atómica. /cRafael Rodriguez Delgado ; prólogo de Dr. Carlos Saladrigas. aLa Habana :bEditorial Lex,c1950. av. ;c24 cm.1 aOceanida aLa biblioteca posee el volumen 10 gv. 1aEl conocimiento actual del universo y del hombre aPerteneció a la biblioteca personal de Juan Isidro Jimenes Grullón.1 aSaladrigas, Carlosepról.961191 0aOceanida961192 001050718MOaGRbGRcCTd2011-10-31iLF1l0oxxxx p35378-10r2020-06-25w2020-06-25y1zPerteneció a la biblioteca personal de Juan Isidro Jimenes -GrullónZNo se presta c34869d34869